000 00436nam a2200169Ia 4500
008 230524s9999 xx 000 0 und d
082 _a621.382
_bSTE
100 _aRalf Steinmetz
245 0 _a"Multimedia: Computing,Communications & Applications"
250 _aIST
260 _aNEW DELHI
_bPearson
_c2009
300 _aXXI;842
500 _aQuantity Number: 30
650 _aComp-Sc
700 _aKlara Nahrstedt
942 _cBK
999 _c43469
_d43469